War "Senna von Hardeck" eine Herzogin von Münsterberg?

Titel: War "Senna von Hardeck" eine Herzogin von Münsterberg? / Manfred Spata
Verfasser:
In: Schlesische Geschichtsblätter, Band 45, Heft 2 (2018), Seite 63-70
alle Artikel anzeigen
Veröffentlicht: 2018
Format: Aufsatz
Sprache: Deutsch
Schlagworte:
Kein Bild verfügbar
X
alg: 49209016
001A    $03025:20-03-22 
001B    $01999:20-03-22 $t22:08:10.000 
001D    $03025:20-03-22 
001U    $0utf8 
001X    $00 
002@    $0Aou 
002C    $aText $btxt $2rdacontent 
002D    $aohne Hilfsmittel zu benutzen $bn $2rdamedia 
002E    $aBand $bnc $2rdacarrier 
003@    $0492090165 
007A    $0492090165 $aHEB 
010@    $ager 
010E    $erda 
011@    $a2018 
021A    $aWar "Senna von Hardeck" eine Herzogin von Münsterberg? $hManfred Spata 
028A    $BVerfasser $4aut $71033571180 $8Spata, Manfred$Z1944- [Tp1] $9320551121 
031A    $d45 $e2 $h63-70 $j2018 
039B    $aEnthalten in $8--Abvc--. Schlesische Geschichtsblätter. - Karlstadt : Verein für Geschichte Schlesiens, 1908-. - ISSN 2190-4871 $x201800000450002937 $9047349034 
044K    $RGeorg $#Podiebrad  $712133810X $8$PPoděbrad$cz$lFamilie : 1350-1647 [Tp1] $9088065677 
044K    $#Münsterberg Schlesien, Fürstentum $#Herzogtum Münsterberg Schlesien $#Ducatus Monsterbergensis $#Ziębice księstwo $#Księstwo ziębickie $#Minstrberské knížectví $74751847-9 $8Fürstentum Münsterberg$gSchlesien [Tg1] $9114436673 
044K    $RHistorische Hilfswissenschaften $RAbstammung $RLineage $RGenealoge $#Genealogy $#Généalogie $#Genealogie $#Ahnenforschung $#Ahnenkunde $#Familienforschung Genealogie $#Familiengeschichte Genealogie $#Familienkunde $#Historische Familienforschung $#Sippenkunde $#Abstammung Genealogie $#Herkunft Genealogie $74020097-8 $8Genealogie [Ts1] $9085048054 
045F    $a929.09438509024 $eDDC23BSB 
045F/01 $a929 
045F/03 $f09024 
045F/03 $f09031 
045F/03 $g4385 
045F/03 $g4371 
045T    $a7,41 $a8,1 $a9,10 

lok: 49209016 78

exp: 49209016 78 1 #EPN
201B/01 $024-07-23 $t12:50:50.000 
201C/01 $020-03-22 
201U/01 $0utf8 
203@/01 $01186835567 
208@/01 $a20-03-22 $be 
209A/01 $a/ $f000 $x00 
209A/01 $ab*p $x01 
209A/01 $aDer Verfasser kommt zum Schluß: >>Es gab in der böhmischen Familie Podiebrad zwei Frauen mit dem Namen "Sidonia" (Sidonie/Sdenek/Edena/Zedenka/Zdeňka), die als Tante und Nichte verwandtschaftliche verbunden waren. Es gab den Grafen Albrecht von Podiebrad sowie den Herzog Albrecht von Sachsen, aber es gab keine geborene "Sidonia von Hardeck", nur eine verheiratete "Sidonia von Hardeck (Münsterberg"<< $x03 
209S/01 $uhttps://www.vfgs.eu/index.php?cat=Publikationen%20ab%201971&file=War_Senna_von_Hardeck_eine_Herzogin_von_Muensterberg.pdf $XH 
220C/01 $apgar 
244Z/01 $#Schlesien $#Schlesien $#Herzogtum Schlesien $#Herzogtum Schlesien Schlesien $#Provinz Schlesien $#Śla̜sk $#Slezsko $#Silesia $74052678-1 $8--Tg1--Schlesien $x01 $9085146781 
244Z/01 $#Electronic publications $#Publications électroniques $#Elektronische Publikation $#Computerdatei Formschlagwort $#Datei Formschlagwort $#Elektronisches Dokument $#Magnetband Formschlagwort $#Magnetbandkassette Formschlagwort $#Elektronische Ressource $#Digitale Publikation $74514269-5 $8--Ts1--Elektronische Publikation $x21 $9089274407 
247C/01 $82080>Marburg/Lahn, Herder-Institut, Forschungsbibliothek, Bibliographieportal $9336309341
LEADER 00000caa a2200000 c 4500
001 492090165
003 DE-603
005 20220320220810.0
007 tu
008 220320s2018 xx |||| | u00||u|ger c
035 |a (DE-599)HEB492090165 
040 |a DE-603  |b ger  |c DE-603  |d DE-603  |e rda 
041 |a ger 
082 0 4 |8 1\u  |a 929.09438509024  |q DE-101  |2 23/BSB 
084 |a 7,41  |a 8,1  |a 9,10  |2 ssgn 
085 |8 1\u  |b 929 
085 |8 1\u  |z 1  |s 09024 
085 |8 1\u  |z 1  |s 09031 
085 |8 1\u  |z 2  |s 4385 
085 |8 1\u  |z 2  |s 4371 
100 1 |a Spata, Manfred  |d 1944-  |e Verfasser  |4 aut  |0 (DE-603)320551121  |0 (DE-588)1033571180  |2 gnd 
245 0 0 |a War "Senna von Hardeck" eine Herzogin von Münsterberg?  |c Manfred Spata 
264 0 |c 2018 
336 |a Text  |b txt  |2 rdacontent 
337 |a ohne Hilfsmittel zu benutzen  |b n  |2 rdamedia 
338 |a Band  |b nc  |2 rdacarrier 
600 3 7 |a Poděbrad z  |c Familie : 1350-1647  |0 (DE-588)12133810X  |0 (DE-603)088065677  |2 gnd 
650 7 |a Genealogie  |0 (DE-588)4020097-8  |0 (DE-603)085048054  |2 gnd 
651 7 |a Fürstentum Münsterberg  |g Schlesien  |0 (DE-588)4751847-9  |0 (DE-603)114436673  |2 gnd 
773 0 8 |i Enthalten in  |t Schlesische Geschichtsblätter  |d Karlstadt : Verein für Geschichte Schlesiens, 1908-  |h 24 cm  |x 2190-4871  |g Band 45, Heft 2 (2018), Seite 63-70  |w (DE-603)047349034  |w (DE-600)216898-4 
924 0 |9 2080  |a (DE-603)1186835567  |b DE-2080  |c HES  |d d  |g /  |k https://www.vfgs.eu/index.php?cat=Publikationen%20ab%201971&file=War_Senna_von_Hardeck_eine_Herzogin_von_Muensterberg.pdf